Statistics for People known as "the great"

Click here to take the quiz!

General Stats

  • This quiz has been taken 242 times
  • The average score is 8 of 20

Answer Stats

Hint Answer % Correct
Greek king of Macedonia, Persia, Greece, Egypt, and all of Mesopotamia (356-323 BC)Alexander the great
98%
Empress of Russia (1729 - 1796)Catherine the great
83%
Founder and Great Khan of the Mongol Empire (1162?-1227)Genghis Khan
70%
Tsar of Russia (1672–1725)Peter I the great
67%
Roman emperor (272 - 337), saint of christianityConstantine I the great
64%
King of the Franks and Emperor of the Romans (747/748 - 814)Charlemagne
61%
Tsar of Russia (1440–1505)Ivan III the great
56%
King of Prussia (1712–1786)Frederick the great
50%
King of Wessex, England (848/849-899)Alfred the great
50%
Pharaoh of Ancient Egypt (reigned 1279 – 1213 BC)Ramesses II the great
44%
Byzantine Emperor (483-565)Justinian I the great
41%
Kurdish Sultan of Egypt and Syria, founder of the Ayyubid dynasty, and victor over the Crusaders (c. 1138-1193)The great Saladin
40%
Founder and ruler of the Persian or Achaemenid Empire (c. 576 – 530 BC)Cyrus the great
37%
First King of Hawai'i (c. 1758-1819)Kamehameha I the great
16%
King of Poland (1310 - 1370)Casimir III the great
11%
Duke of the Franks and Count of Paris (898-956)Hugh the great
7%
King of the Ostrogoths, regent of the Visigoths and a viceroy of the Byzantine Empire (454-526)Theodoric the great
6%
Archbishop of Cologne and Duke of Lotharingia (925–965)Bruno the great
3%
Ruler of Kuwait (1840–1915)Mubarak the great
2%
Legendary ruler in ancient China (c. 2200-2100 BC)Yu the great
2%

Score Distribution

Percentile by Number Answered

Percent of People with Each Score

Your Score History

You have not taken this quiz